Defensa de los consumidores y acceso a la justicia: un análisis del procedimiento colectivo en la legislación chilena
Đã lưu trong:
| Tác giả chính: | |
|---|---|
| Định dạng: | Sách |
| Ngôn ngữ: | Tiếng Tây Ban Nha |
| Được phát hành: |
Santiago
Legal Publishing
2019
|
| Phiên bản: | 2a. ed |
| Loạt: | Monografías
|
| Những chủ đề: | |
| Các nhãn: |
Thêm thẻ
Không có thẻ, Là người đầu tiên thẻ bản ghi này!
|
MARC
| LEADER | 00000cam a2200000 a 4500 | ||
|---|---|---|---|
| 001 | UCC8788 | ||
| 003 | CL-VaPUC | ||
| 005 | 20241108085157.0 | ||
| 008 | 190814e20190000cl |||||||||||||||||spa|d | ||
| 020 | |a 9789564000527 | ||
| 040 | |c Pontificia Universidad Católica de Valparaíso | ||
| 082 | 0 | 4 | |a 343.83071 |b AGU |2 21 |
| 100 | |a Aguirrezabal Grunstein, Maite |e author |9 600627 | ||
| 245 | 1 | 0 | |a Defensa de los consumidores y acceso a la justicia: un análisis del procedimiento colectivo en la legislación chilena |
| 250 | |a 2a. ed | ||
| 260 | |a Santiago |b Legal Publishing |c 2019 | ||
| 300 | |a 228 p | ||
| 490 | 0 | |a Monografías | |
| 583 | |a last modification |c 20190814 14:59:00 |k Rodrigo Vera | ||
| 650 | 0 | |a Protección del consumidor |9 474424 | |
| 650 | 0 | |a Consumidores |9 315658 | |
| 650 | 0 | |a Derechos del consumidor |9 367388 | |
| 942 | |c BK |2 ddc | ||
| 945 | |d 20190814 14:59:00 |a dcastane | ||
| 999 | |c 375039 |d 375037 | ||
| 952 | |0 0 |1 0 |3 erb |4 0 |6 343_830710000000000_AGU_2019 |7 0 |8 A |9 493891 |a BIBDER |b BIBDER |i 5558700 |l 1 |m 4 |o 343.83071 AGU 2019 |p 5558700 |r 2023-06-27 |s 2023-05-31 |w 2019-11-24 |y BK |z Catalogado en:20190814 |k DER | ||